Normal view MARC view

Entry Personal Name

Number of records used in: 1

001 - CONTROL NUMBER

  • control field: 57194

003 - CONTROL NUMBER IDENTIFIER

  • control field: dpl

005 - DATE AND TIME OF LATEST TRANSACTION

  • control field: 20230920171211.0

008 - FIXED-LENGTH DATA ELEMENTS

  • fixed length control field: 230920|| aca||aabn | a|a d

040 ## - CATALOGING SOURCE

  • Original cataloging agency: dpl
  • Transcribing agency: dpl

100 ## - HEADING--PERSONAL NAME

  • Personal name: Mishra, Bijan Bihari

670 ## - SOURCE DATA FOUND

  • Source citation: Work cat.: (dpl)188888: Proceedings of National Conference on Future Trends in Information & Communication Technology & Applications:, 2011

© Delhi Public Library
Hit Counter
free hit counter